000 00250nam a22001097a 4500
008 170125b xxu||||| |||| 00| 0 eng d
020 _a9781416040491
041 _aeng
080 _210TH
_a618.2
245 _aPEDIATRIC NURSING
_cGWIN,P
942 _2udc
_cBK
999 _c3587
_d3587